000 00629nam a2200217 4500
001 15076
010 _a9723603381
021 _b80430/94
090 _a15076
100 _a20230106 pory50
200 1 _aOs ovos misteriosos
_fLuísa Ducla Soares, Manuela Bacelar
210 9 _aPorto
_cAfrontamento,
_dD.L. 1994
215 _a[32] p.
_cmuito il.
_d26 cm
225 2 _aO triciclo voador)
675 _a087.5
_vBN
_zpor
675 _a821.134.3-93"19/20"
_vBN
_zpor
675 _a821.134.3-34"19/20"
_vBN
_zpor
700 1 _aSoares,
_bLuísa Ducla,
_f1939-
701 1 _aBacelar,
_bManuela,
_f1943-
801 0 _aPT
_bBN
_gRPC
990 _cLIVROS